000
00247nam a2200097Ia 4500
008
240331s9999 xx 000 0 und d
082
_b
LED
100
_a
Lederach, J.P
245
4
_a
The moral imaginationt he art and soul of buildingpeace
942
_c
L
999
_c
1390
_d
1390